1597 1939 1226 1801 1486 1823 1952 1906 1828 1932 1320 1891 1641 1518 1405 1857 1318 1517 1867 1446 1217 1936 1552 1814 1960 1818 1654 1204 1117 1830 1709 1525 1482 1572 1359 1701 1286 1745 1477 1218 1304 1717 1745 1252 1643 1385 1770 1379 1951 1601 1970 1886 1939 1095 1188 1854 1350 1450 1491 1957 1786 1486 1250 1807 1817 1511 1710 1042 1026 1065 1451 1707 1488 1896 1861 1112 1192 1200 1464 1645 1415 1066 1552 1774 1247 1793 1757 1500 1657 1224 1246 1162 1936 1882 1370 1679 1683 1910 1856 BCNSPRNW ULIB Ver.6.0+V

เปลี่ยนเป็นภาษาไทย

Change to English
 แสดงรายละเอียดบรรณานุกรม
  กลับหน้าหลัก

Brief Record : Get Marc (ISO 2709) : E-mail record : QR code < ปิดหน้าต่าง
Contents: Review โดย
เกษร โพธิ์สุวรรณ
ห้องสมุดวิทยาเขตสวรรค์ประชารักษ์
เกษร โพธิ์สุวรรณ เมื่อ21/สิงหาคม/2556
Contents: บทที่ 1 บทบาทของพยาบาลผดุงครรภ์ระดับวิชาชีพ
--บทที่ 2 ประชากรศาสตร์ การให้การปรึกษาก่อนสมรส การวางแผนครอบครัวและการคุมกำเนิด
--บทที่ 3 ภาวะมีบุตรยาก
--บทที่ 4 การเจริญเติบโตและพัฒนาการปกติของทารกในครรภ์
--บทที่ 5 พัฒนาการปกติและผิดปกติของรก และส่วนประกอบต่างๆที่เกี่ยวข้องกับรก
--บทที่ 6 ความผิดปกติแต่กำเนิดที่มีสาเหตุจากพันธุกรรมและสิ่งแวดล้อม
--บทที่ 7 การประเมินภาวะสุขภาพของทารกในครรภ์ และการเฝ้าระวังทารกในครรภ์
--บทที่ 8 การเปลี่ยนแปลงด้านร่างกายและด้านจิตสังคมของสตรีในระยะตั้งครรภ์
--บทที่ 9 การวินิจฉัยการตั้งครรภ์ การคาดคะเนอายุครรภ์และการกำหนดวันคลอด
--บทที่ 10 คำศัพท์ที่เกี่ยวข้องการตั้งครรภ์
--บทที่ 11 การตรวจครรภ์
--บทที่ 12 การประเมินภาวะสุขภาพของสตรีในระยะตั้งครรภ์และครอบครัว
--บทที่ 13 การคัดกรองภาวะเสี่ยงของสตรีในระยะตั้งครรภ์การช่วยเหลือเบื้องต้น และการส่งต่อเพื่อรับการรักษา
--บทที่ 14 การสร้างเสริมสุขภาพของสตรีในระยะตั้งครรภ์ และครอบครัว
--บทที่ 15 ความเจ็บปวดในระยะคลอดและการบรรเทาความเจ็บปวดโดยไม่ใช้ยา
--บทที่ 16 การเตรียมในระยะตั้งครรภ์และครอบครัวเพื่อการคลอด

LEADER : 00000nam 2200000uu 4500
001    13399122658
003     ULIB
008    130821s2554||||th 000 0 tha d
020    ^a9789746726139
060  4 ^aWY157^bค181 ล.1
100 0  ^aอำไพ จารุวัชรพาณิชกุล,^eบรรณาธิการ
245 00 ^aความรู้เบื้องต้นการพยาบาลผดุงครรภ์.^nเล่ม 1,^pระยะตั้งครรภ์ /^cอำไพ จารุวัชรพาณิชกุล (บรรณาธิการ)
250    ^aพิมพ์ครั้งที่ 1
260    ^aเชียงใหม่ :^bคณะพยาบาลศาสตร์ มหาวิทยาลัยเชียงใหม่,^c2554
300    ^aก-ง, 304 หน้า :^bภาพประกอบ
505 0  ^aบทที่ 1 บทบาทของพยาบาลผดุงครรภ์ระดับวิชาชีพ--บทที่ 2 ประชากรศาสตร์ การให้การปรึกษาก่อนสมรส การวางแผนครอบครัวและการคุมกำเนิด--บทที่ 3 ภาวะมีบุตรยาก--บทที่ 4 การเจริญเติบโตและพัฒนาการปกติของทารกในครรภ์--บทที่ 5 พัฒนาการปกติและผิดปกติของรก และส่วนประกอบต่างๆที่เกี่ยวข้องกับรก--บทที่ 6 ความผิดปกติแต่กำเนิดที่มีสาเหตุจากพันธุกรรมและสิ่งแวดล้อม--บทที่ 7 การประเมินภาวะสุขภาพของทารกในครรภ์ และการเฝ้าระวังทารกในครรภ์--บทที่ 8 การเปลี่ยนแปลงด้านร่างกายและด้านจิตสังคมของสตรีในระยะตั้งครรภ์--บทที่ 9 การวินิจฉัยการตั้งครรภ์ การคาดคะเนอายุครรภ์และการกำหนดวันคลอด--บทที่ 10 คำศัพท์ที่เกี่ยวข้องการตั้งครรภ์--บทที่ 11 การตรวจครรภ์--บทที่ 12 การประเมินภาวะสุขภาพของสตรีในระยะตั้งครรภ์และครอบครัว--บทที่ 13 การคัดกรองภาวะเสี่ยงของสตรีในระยะตั้งครรภ์การช่วยเหลือเบื้องต้น และการส่งต่อเพื่อรับการรักษา--บทที่ 14 การสร้างเสริมสุขภาพของสตรีในระยะตั้งครรภ์ และครอบครัว--บทที่ 15 ความเจ็บปวดในระยะคลอดและการบรรเทาความเจ็บปวดโดยไม่ใช้ยา--บทที่ 16 การเตรียมในระยะตั้งครรภ์และครอบครัวเพื่อการคลอด
650  7 ^aการพยาบาลสูติศาสตร์
650  7 ^aการพยาบาลกุมารเวชศาสตร์
650  7 ^aทารกแรกเกิด^xการพยาบาล
650  7 ^aการผดุงครรภ์
710 2  ^aมหาวิทยาลัยเชียงใหม่.^bคณะพยาบาลศาสตร์
945    ^p260^l0^i033862
945    ^p260^l0^i033863
945    ^p260^l0^i033864
945    ^p260^l0^i033865
945    ^p260^l0^i033866
945    ^p260^l0^i033867
945    ^p260^l0^i033868
999    ^aเกษร โพธิ์สุวรรณ
รายการนี้ยังไม่มีแท็ก
คุณยังไม่ได้ล็อกอิน คุณสามารถมีกิจกรรมร่วมกับเว็บไซต์ได้ แต่ต้องล็อกอินก่อน ::
  ล็อกอิน

รายการสื่อสารสนเทศ

ลำดับที่ ประเภท เลขเรียก/บาร์โค้ด สถานที่ สถานะ
1. Book การพยาบาล
หนังสือสำรอง
สถานะ=หนังสือสำรอง
WY157 ค181 ล.1 ฉ.1 
  Barcode: 033862
ห้องสมุดวิทยาเขตสวรรค์ประชารักษ์
►ส่วนจัดเก็บหนังสือเก่า สปร
บนชั้น
  ขอยืม
2. Book การพยาบาล
Book การพยาบาล
WY157 ค181 ล.1 ฉ.2 
  Barcode: 033863
ห้องสมุดวิทยาเขตสวรรค์ประชารักษ์
►ส่วนจัดเก็บหนังสือเก่า สปร
บนชั้น
  ขอยืม
3. Book การพยาบาล
Book การพยาบาล
WY157 ค181 ล.1 ฉ.3 
  Barcode: 033864
ห้องสมุดวิทยาเขตสวรรค์ประชารักษ์
►หนังสือทั่วไป
บนชั้น
4. Book การพยาบาล
Book การพยาบาล
WY157 ค181 ล.1 ฉ.4 
  Barcode: 033865
ห้องสมุดวิทยาเขตสวรรค์ประชารักษ์
►หนังสือทั่วไป
บนชั้น
5. Book การพยาบาล
Book การพยาบาล
WY157 ค181 ล.1 ฉ.5 
  Barcode: 033866
ห้องสมุดวิทยาเขตสวรรค์ประชารักษ์
►ส่วนจัดเก็บหนังสือเก่า สปร
บนชั้น
  ขอยืม
6. Book การพยาบาล
Book การพยาบาล
WY157 ค181 ล.1 ฉ.6 
  Barcode: 033867
ห้องสมุดวิทยาเขตสวรรค์ประชารักษ์
►หนังสือทั่วไป
บนชั้น
7. Book การพยาบาล
Book การพยาบาล
WY157 ค181 ล.1 ฉ.7 
  Barcode: 033868
ห้องสมุดวิทยาเขตสวรรค์ประชารักษ์
►ส่วนจัดเก็บหนังสือเก่า สปร
บนชั้น
  ขอยืม

รายการใกล้เคียง
    หัวเรื่อง [การพยาบาลสูติศาสตร์]
    หัวเรื่อง [การพยาบาลกุมารเวชศาสตร์]
    หัวเรื่อง [การผดุงครรภ์]

BibComment


ยังไม่เคยถูกคอมเมนท์

คอมเมนท์ทรัพยากรรายการนี้
  คอมเมนท์: ความรู้เบื้องต้น..


 Copyright 2026. Bcnsprnw @Library